|
|
|
|
| LEADER |
00000naa2a2200000 4500 |
| 001 |
142685 |
| 005 |
20231031142832.0 |
| 035 |
|
|
|a (RuTPU)RU\TPU\book\154615
|
| 090 |
|
|
|a 142685
|
| 100 |
|
|
|a 20080910d2005 k y0rusy50 ca
|
| 101 |
0 |
|
|a rus
|
| 102 |
|
|
|a RU
|
| 200 |
1 |
|
|a Единое и общее экономическое пространство
|f Э. В. Плучевская
|
| 320 |
|
|
|a Библиогр.: 2 назв.
|
| 461 |
|
1 |
|0 (RuTPU)RU\TPU\book\107328
|t Энергия молодых - экономике России
|o труды VI Всероссийской научно-практической конференции студентов и молодых ученых, Томск, 19-22 апреля 2005 г.
|o в 2 ч.
|f Томский политехнический университет; Вольное экономическое общество России
|d 2005-
|
| 463 |
|
0 |
|0 (RuTPU)RU\TPU\book\73345
|t Ч. 2
|v С. 281-282
|d 2005
|
| 610 |
1 |
|
|a рыночная экономика
|
| 610 |
1 |
|
|a рынок
|
| 610 |
1 |
|
|a экономика
|
| 610 |
1 |
|
|a экономическое пространство
|
| 610 |
1 |
|
|a труды учёных ТПУ
|
| 700 |
|
1 |
|a Плучевская
|b Э. В.
|c экономист
|c доцент Томского политехнического университета, кандидат экономических наук
|f 1977-
|g Эмилия Валерьевна
|2 stltpush
|3 (RuTPU)RU\TPU\pers\26812
|
| 801 |
|
1 |
|a RU
|b 63413507
|c 20080910
|g PSBO
|
| 801 |
|
2 |
|a RU
|b 63413507
|c 20170425
|g RCR
|
| 942 |
|
|
|c BK
|